000 00559nam a2200181Ia 4500
003 GCL
005 20240530103624.0
008 140319s9999 xx 000 0 ara d
040 _aGCL /
_cGCL
082 0 4 _a301.542
_bق/ا ث
100 1 _aاحمد ابوزيد
245 1 0 _aالثأر :
_cاحمد ابوزيد
_bدراسة انثربولوجية باحدى قرى الصعيد /
260 _aالقاهرة :
_bالقاهرة ،
_c1965
300 _a111 ص ؛
_c24 سم
650 0 4 _aالاجتماع، علم
650 0 4 _aالثأر
942 _2ddc
_cBK
999 _c41235
_d41235